LIBRARY & INFORMATION CENTRE, KCAET, TAVANUR

ONLINE PUBLIC ACCESS CATALOGUE (OPAC)

Conquest of happiness: Thirteenth Impression / (Record no. 3928)

MARC details
000 -LEADER
fixed length control field 00390cam a2200145ua 4500
041 ## - LANGUAGE CODE
Language code of text/sound track or separate title eng
082 ## - DEWEY DECIMAL CLASSIFICATION NUMBER
Classification number 824
Item number RUS/CO
100 ## - MAIN ENTRY--AUTHOR NAME
Personal name Russel, Bertrand .
245 ## - TITLE STATEMENT
Title Conquest of happiness: Thirteenth Impression /
260 ## - PUBLICATION, DISTRIBUTION, ETC. (IMPRINT)
Place of publication London :
Name of publisher George Allen & Unwin Ltd ,
Year of publication 1960.
300 ## - PHYSICAL DESCRIPTION
Number of Pages 254 ; .
942 ## - ADDED ENTRY ELEMENTS (KOHA)
Koha item type Books
Holdings
Withdrawn status Lost status Damaged status Home library Current library Date acquired Cost, normal purchase price Full call number Accession Number Koha item type Public note
Withdrawn     KAUAET Sanskrit University 07/04/2012 15.00 824 6942 Books Transferred to Sanskrit University
free website counter